Najpopularniejsze utwory raperów - Statystyki

Ogólne statystyki
  • Ten quiz został rozwiązany 687 razy
  • Średni wynik to 17 z 63
Statystyki odpowiedzi
Wykonawca Utwór % Poprawnych
White 2115 California
71%
GrubSon Na szczycie
67%
Young Multi Plecak
62%
Taconafide Tamagotchi
60%
Sarius Wiking
59%
ReTo UA
58%
Quebonafide Half Dead
55%
Szpaku Hinata
52%
Otsochodzi Nie, nie
52%
Young Igi Mówiłaś
51%
Popek Wodospady
49%
Żabson Księżniczki
45%
Malik Montana Robię Yeah
43%
Kali 30 KMH
42%
Taco Hemingway Deszcz na betonie
40%
Z.B.U.K.U Młoda krew
40%
Bedoes 05:05
38%
Filipek Dementor
38%
K2 1 moment
37%
Sitek Chcemy być wyżej
37%
Sokół Chcemy być wyżej
37%
KęKę Wyjebane
37%
Guzior Ninja
35%
Smolasty Uzależniony
34%
Paluch Gdybyś kiedyś
33%
B.R.O Mówiła mi
32%
Deys moizdrajcy.com
31%
Gang Albanii Dla prawdziwych dam
30%
Kartky Outside
30%
Kaen Zbyt wiele
30%
Słoń Sicario
28%
Chada Żyć aż do bólu
26%
Bezczel Prawo ponad prawem
22%
Zeus Hipotermia
19%
Adi Nowak Placebo
19%
Paktofonika Chwile ulotne
18%
PRO8L3M Molly
18%
Tede WYJE WYJE BANE
18%
Białas Ganges
16%
Trzeci Wymiar Dla mnie masz stajla
15%
Sobota Jeszcze będzie hajc
12%
Borixon JACKIECHAN
11%
Solar ostatni snap
11%
Małpa Paznokcie
10%
PlanBe Tinder Love
10%
O.S.T.R. Mówiłaś mi
9%
Pezet Co mam powiedzieć
8%
Donguralesko Chcę Ci dać
7%
Kuban Mała mi
7%
Pokahontaz 404
6%
Eldo Nie pytaj o nią
5%
Abradab Rapowe ziarno
5%
Bisz Banicja
4%
Firma Dobre dziewczyny
4%
Kaliber44 Normalnie o tej porze
4%
Rahim Fejm
3%
Te-Tris Ile mogę?
3%
Miuosh Nie mamy skrzydeł
3%
Dwa Sławy A może by tak?
2%
Peja Pozwól mi żyć
2%
Buka Zamknij oczy
2%
VNM Nigdy więcej
1%
Fokus Wszystko będzie dobrze
1%
Nie znaleziono quizów pasujących do podanych kryteriów
Rozkład punktacji
Procent ludzi z każdym wynikiem
Percentyl według liczby udzielonych odpowiedzi
Twoja historia wyników
Nie rozwiązałeś tego quizu